Central banking in India: A retrospect (Record no. 20090)
[ view plain ]
| 000 -LEADER | |
|---|---|
| fixed length control field | 00295nam a2200109Ia 4500 |
| 082 ## - DEWEY DECIMAL CLASSIFICATION NUMBER | |
| Classification number | 336.71(540) |
| Item number | DES |
| 100 ## - MAIN ENTRY--AUTHOR NAME | |
| Personal name | DESHMUKH, D Chintaman |
| 245 #0 - TITLE STATEMENT | |
| Title | Central banking in India: A retrospect |
| 260 ## - PUBLICATION, DISTRIBUTION, ETC. (IMPRINT) | |
| Place of publication | Poona |
| Name of publisher | Gokhale Inst |
| Year of publication | 1948 |
| 942 ## - ADDED ENTRY ELEMENTS (KOHA) | |
| Koha item type | Books |
| Withdrawn status | Lost status | Damaged status | Not for loan | Home library | Current library | Date acquired | Source of acquisition | Full call number | Accession Number | Koha item type |
|---|---|---|---|---|---|---|---|---|---|---|
| RRII Library | RRII Library | 16/12/2021 | Auction | 336.71(540) DES | 00818 | Books |